European asylum law and international law

Αποθηκεύτηκε σε:
Λεπτομέρειες βιβλιογραφικής εγγραφής
Κύριος συγγραφέας: Battjes, Hemme
Μορφή: Βιβλίο
Γλώσσα:English
Δημοσίευση: Leiden : Martinus Nijhoff Publishers, 2006
Σειρά:Immigration and asylum law and policy in Europe ; ; 8
Θέματα:
Ετικέτες: Προσθήκη ετικέτας
Δεν υπάρχουν, Καταχωρήστε ετικέτα πρώτοι!

MARC

LEADER 00000nam a2200000 i 4500
001 1/71786
008 080122s2006 eng d
020 |a 90-04-15087-0 
035 |l 10093990 
040 |a GR-MY-UA  |b gre  |e aacr 
041 0 |a eng 
082 0 |a 325.21  |2 (22) 
100 1 |a Battjes, Hemme. 
245 1 0 |a European asylum law and international law /  |c by Hemme Battjes 
260 |a Leiden :   |b Martinus Nijhoff Publishers,   |c 2006 
300 |a xx, 688 σ.;  |c 25 εκ. 
490 1 |a Immigration and asylum law and policy in Europe  |v ; 8 
504 |a Βιβλιογραφία: σ. 619-639 
504 |a Ευρετήριο: σ. 675-688 
650 0 0 |a Asylum, Right of  |z European Union countries. 
650 0 0 |a Emigration and immigration law  |z European Union countries. 
650 0 0 |a Political refugees  |x Legal status, laws, etc.  |z European Union countries. 
830 0 |a Immigration and asylum law and policy in Europe ;  |v ; 8 
852 |a INST  |b LESVOS  |e 20080122  |h 325.21 BAT  |p 005100040762  |q 005100040762  |t BK  |y 0 
901 |a BIBL1-2008-1 
909 |a Λ  |b 143852 
922 |a 1ΕΛΗ  |b 200801  |c ΕΠΕΑΕΚ2/ΤΚ  |d ΠΑΠΑΣΩΤΗΡΙΟΥ 
970 |a ΧΑΤΖΗΜΙΧΑΗΛ  |b ΜΑΡΙΑ  |z 2008/01/22